| 000 | 00425nam a22001457a 4500 | ||
|---|---|---|---|
| 005 | 20260415090647.0 | ||
| 008 | 260415b |||||||| |||| 00| 0 eng d | ||
| 020 | _a978-0-5828-9435-8 | ||
| 050 | _aKD 392.S25 2007 | ||
| 100 | _aMICHAEL SALTER | ||
| 245 |
_aWRITING LAW DISSERTATIONS _bAN INTRODUCTION AND GUIDE TO THE CONDUCT OF LEGAL RESEARCH |
||
| 260 |
_aNEWYORK _bPEARSON LONGMAN |
||
| 300 | _aX,245 | ||
| 942 |
_2lcc _cBK |
||
| 999 |
_c216958 _d216958 |
||